Normal view
MARC view
- Amdur, Mary O.
Entry Personal Name
001 - CONTROL NUMBER
- control field: 3047
003 - CONTROL NUMBER IDENTIFIER
- control field: NUST
005 - DATE AND TIME OF LATEST TRANSACTION
- control field: 20170621123108.0
008 - FIXED-LENGTH DATA ELEMENTS
- fixed length control field: 170621|| aca||aabn | a|a d
040 ## - CATALOGING SOURCE
- Original cataloging agency: NUST
- Transcribing agency: NUST
100 ## - HEADING--PERSONAL NAME
- Personal name: Amdur, Mary O.
670 ## - SOURCE DATA FOUND
- Source citation: Work cat.: (NUST)0: Casarett, Louis J. 2931, Casarett and Doull's toxicology :, c1986.
